| 000 | 00862nam a22002417a 4500 | ||
|---|---|---|---|
| 005 | 20100531113544.0 | ||
| 008 | 100531t xxu||||| |||| 00| 0 eng d | ||
| 010 | _aENG-96211 | ||
| 020 |
_a9788120340749 _c395.00 |
||
| 035 | _aEN-79744 | ||
| 037 | _bDBAD/PUB | ||
| 040 |
_aDPL _bEng |
||
| 082 | _a658.15 | ||
| 100 | _aBose, D. Chandra | ||
| 245 |
_aFundamentals of financial management / _cby D. Chandra Bose |
||
| 250 | _a2nd ed | ||
| 260 |
_aNew Delhi _bPHI Learning _c2010 |
||
| 270 |
_aM-97, Connaught Circus _bNew Delhi _e110001 |
||
| 300 |
_aix, 718p. : _bill. _c24 cm (pbk) |
||
| 500 | _aIncludes glossary and index. | ||
| 942 |
_2ddc _cEN _mBOS _h658.15 |
||
| 999 |
_c36410 _d36410 |
||